Златая цепь
| Egile nagusia: | |
|---|---|
| Gaia: | Исключено из фонда НТБ ТПУ |
| Hizkuntza: | errusiera |
| Argitaratua: |
Москва, Современник, 1985
|
| Formatua: | MixedMaterials Liburua |
| KOHA link: | https://koha.lib.tpu.ru/cgi-bin/koha/opac-detail.pl?biblionumber=315866 |
MARC
| LEADER | 00000nam0a2200000 4500 | ||
|---|---|---|---|
| 001 | 315866 | ||
| 005 | 20231101015138.0 | ||
| 035 | |a (RuTPU)RU\TPU\book\341303 | ||
| 090 | |a 315866 | ||
| 100 | |a 20160311d1985 m y0rusy50 ca | ||
| 101 | 0 | |a rus | |
| 102 | |a RU | ||
| 105 | |a c z 001zy | ||
| 200 | 1 | |a Златая цепь |f Ю. И. Селезнев | |
| 210 | |a Москва |c Современник |d 1985 | ||
| 215 | |a 415 с. |c портр. | ||
| 333 | |a Исключено из фонда НТБ ТПУ | ||
| 700 | 1 | |a Селезнев |b Ю. И. |g Юрий Иванович | |
| 801 | 1 | |a RU |b 63413507 |c 20160311 | |
| 801 | 2 | |a RU |b 63413507 |c 20220616 |g RCR | |
| 942 | |c BK | ||